Multikultur und Bildung in Europa

Salvato in:
Dettagli Bibliografici
Altri autori: Allemann-Ghionda, Cristina
Natura: Libro
Lingua:tedesco
francese
Pubblicazione: Bern Peter Lang 1997
Edizione:2. verb. Aufl.
Serie:Explorationen / Studien zur Erziehungswissenschaft Bd. 8
Soggetti:
Tags: Aggiungi Tag
Nessun Tag, puoi essere il primo ad aggiungerne!!

MARC

LEADER 00000nam a2200000 4500
001 0222424
005 20240104115054.8
020 |a 978-3-906757-44-5 
020 |a 3-906757-44-7 
041 0 |a ger 
041 0 |a fre 
044 |a CH 
245 1 0 |a Multikultur und Bildung in Europa  |c herausgegeben von / sous la direction de Cristina Allemann-Ghionda 
250 |a 2. verb. Aufl. 
264 1 |a Bern  |b Peter Lang  |c 1997 
300 |a 387 s. 
490 1 |a Explorationen / Studien zur Erziehungswissenschaft  |v Bd. 8 
830 0 |a Explorationen / Studien zur Erziehungswissenschaft  |v Bd. 8 
610 2 0 |a multikulturalizmus 
610 2 0 |a vzdelávanie 
610 2 0 |a pedagogika 
610 2 0 |a rasizmus 
610 2 0 |a OECD 
610 2 0 |a Európa 
700 1 |a Allemann-Ghionda, Cristina